Vista normal
Vista MARC
Entrada Materia (personas)
Número de registros utilizados en: 1
001 - CONTROL NUMBER
- control field: 163987
003 - CONTROL NUMBER IDENTIFIER
- control field: Co-BoUCM
005 - DATE AND TIME OF LATEST TRANSACTION
- control field: 20211111075158.0
008 - FIXED-LENGTH DATA ELEMENTS
- fixed length control field: 211111|| aca||aabn | a|a d
040 ## - CATALOGING SOURCE
- Original cataloging agency: Co-BoUCM
- Transcribing agency: Co-BoUCM
100 ## - HEADING--PERSONAL NAME
- Personal name: Sanborn, Mark
670 ## - SOURCE DATA FOUND
- Source citation: Work cat.: (Co-BoUCM)55017: Sanborn, Mark, El factor fred ponerle pasión a lo que usted hace puede convertir lo ordinario en extraordinario (lecciones para el trabajo y la vida), 2008